00635nam a22001577a 4500003000900000008004100009040007100050082002500121100002300146245006100169260003700230300002600267505014000293650002400433650002000457AR-CdUCM190327b ||||| |||| 00| 0 spa d aMUNICIPALIDAD PROVINCIAL DEL CUSCOcBIBLIOTECA MUNICIPAL DEL CUSCO 23ed.a985.009 /bP31 aPavletich, Esteban aLeoncio Prado : bUna vida al servicio de la libertad /  aLima : bDemos Editores, c1958. a141 paginas ;c20 cm. aContenido :Jose Gálvez -- General Felipe de la Barra -- Sobre la rosa de los vientos -- En marcha hacia el abismo -- Inmolación ... aHistoria del Perú aBibliografías